000
00313nam a22001457a 4500
020
_a
81-87083-07-7
082
_a
894.812.3
_b
GOP/U
100
_a
GOPALAKRISHNAN, V.T
245
_a
ULKKAZCHA
260
_a
KOLLAM
_b
IMPRINT BOOKS
_c
1998
300
_a
142
520
_a
CRITICISM
650
_a
CRITICISM
942
_c
BK
999
_c
5490
_d
5490